Quiz kultowych gier z dzieciństwa cz.1 - Statystyki

Ogólne statystyki
  • Ten quiz został rozwiązany 225 razy
  • Średni wynik to 10 z 18
Statystyki odpowiedzi
Hint Odpowiedź % Poprawnych
Seria gier symulacyjnych wydawanych przez Electronic Arts. Gracz tworzy "człowieka" który ma swój własny dom który można urządzać. Z czasem "człowiek" ma prace, rodzinie, zwierzęta itp. The Sims
88%
Seria gier wyścigowych wydawana przez Electronic Arts. W niektórych częściach serii mamy do czynienia z policją, inne dają nam niezliczone możliwości tuningu samochodów. Need for Speed
87%
Gra opierająca konfliktem między antyterrorystami i terrorystami. Counter - Strike
85%
Jedna z pierwszy polskich platformówek wykonana w trójwymiarze.W grze wcielamy się w role Kangura. Kangurek Kao
80%
Wcielasz się w role sąsiada który robi dowcipy i psikusy żeby doprowadzić swojego sąsiada do szału. Sąsiedzi z piekła rodem
80%
Jedna z najbardziej kontrowersyjnych serii gier komputerowych która sprzedała łącznie ponad 220 milionów egzemplarzy gier. Sama nazwa w wolnym tłumaczeniu to "kradzież samochodu". Grand Theft Auto
79%
W grze sterujemy drużyną malutkich robaków. Naszym zadaniem jest za pomocą przeróżnych rodzajów broni zniszczyć przeciwnika. Worms
79%
Seria gier komputerowych z gatunku first-person shooter o tematyce wojennej. Gra znana jest ze swoich kampań w rozgrywce jednoosobowej. Call of Duty
73%
Gra opowiadająca o przygodach fikcyjnej, brytyjskiej archeolog Lary Croft. Tomb Raider
72%
Gra komputerowa z gatunku MMORPG wyprodukowana przez amerykańską firmę Blizzard Entertainment. World of Warcraft
57%
Seria gier opartych na podstawie programu telewizyjnego, wcielamy się w role Trolla z dużymi uszami. Hugo
50%
Seria bijatyk, stworzonych przez japońską firmę Capcom.W grze jest wiele postaci, grze dwóch graczy walczy nimi przeciwko sobie. Street Fighter
41%
Gra typu first-person shooter dla konsoli NES. Za pomocą Zappera strzela się do nadlatujących kaczek. Duck Hunt
35%
Gracz wciela się w amerykańskiego żołnierza.Podczas wykonywania tajnej misji zostaje schwytany i uwięziony w hitlerowskiej twierdzy. Wolfenstein 3D
28%
Wcielasz się w role doktora fizyki teoretycznej, zmuszonego do wywalczenia sobie drogi ucieczki z tajnego amerykańskiego ośrodka badawczego. Half - Life
27%
jedna z pierwszych gier która miała silnik graficzny wyświetlający trójwymiarowy. Masz za zadanie zlikwidować złowrogą istotę zwaną „Shub-Niggurath”. Quake
16%
Gra strategiczno-ekonomiczna, w której gracz wciela się w zarządcę lunaparku. Theme Park World
3%
Typowa wyścigówka polegająca na dojechaniu do mety przed przeciwnikami.Charakterystycznym elementem dla tej "wyścigówki" jest tzw. doładowanie. Igniton
2%
Nie znaleziono quizów pasujących do podanych kryteriów
Rozkład punktacji
Procent ludzi z każdym wynikiem
Percentyl według liczby udzielonych odpowiedzi
Twoja historia wyników
Nie rozwiązałeś tego quizu